Statistiche per Isole della Grecia

Clicka qui per fare il quiz!

Statistiche generali

  • Questo quiz è stato fatto 560 volte
  • Il punteggio medio è 6 su 16

Risposte nella Mappa

Le risposte nella mappa del quiz sottostante sono codificate secondo una scala di colori dal rosso al verde in base alla % di persone che hanno risposto correttamente.
Caricamento ...
 

Statistiche sulle risposte

SuperficieIsola% Corretto
8336Creta
95%
1400Rodi
77%
592Corfù
63%
890Zante
61%
1633Lesbo
60%
290Coo
44%
781Cefalonia
37%
3684Eubea
36%
477Samo
32%
428Nasso
29%
842Chio
25%
336Leucade
20%
478Lemno
18%
379Taso
14%
380Andro
13%
324Scarpanto
13%

Distribuzione punteggi

Percentile per numero di risposta

Percentuale di utenti per punteggio

I tuoi punteggi nel tempo

Non hai fatto questo quiz